| 000 | 00719nam a2200253 a 4500 | ||
|---|---|---|---|
| 001 | 000012552 | ||
| 003 | DO-SdBNP | ||
| 005 | 20240412074233.0 | ||
| 007 | ta | ||
| 008 | 091113s1998 dr 000 j spa d | ||
| 040 |
_aDO-SdBNP _bspa _cBNPHU |
||
| 082 | 4 |
_aRD863.44 _bH557a 1998 _222 |
|
| 100 | 1 |
_aHernández, Ángela, _d1954- _92564 |
|
| 245 | 1 | 0 |
_aAlótropos : _bcuentos / _cAngela Hernández Núñez |
| 250 | _a2a ed. | ||
| 260 |
_aSanto Domingo : _bBúho, _c1998. |
||
| 300 |
_a126 p. ; _c21 cm. |
||
| 490 | 0 | _aArco de Humo | |
| 590 | _aInventariado, 2020/YL | ||
| 650 | 0 |
_aCuentos dominicanos _9176 |
|
| 650 | 0 |
_aLiteratura dominicana. _967 |
|
| 910 | _aValidado. Control de calidad MFF | ||
| 942 |
_2ddc _cLBS1 |
||
| 999 |
_c12207 _d12207 |
||